[Event "Polva op 29th"]
[Site "Polva"]
[Date "2008.08.16"]
[Round "5"]
[White "Kool, Lauri"]
[Black "Reiman, Arvo"]
[Result "1/2-1/2"]
[WhiteElo "2091"]
[BlackElo "2196"]
[PlyCount "107"]
[EventDate "2008.08.15"]
[EventType "swiss"]
[EventRounds "7"]
[EventCountry "EST"]
[SourceTitle "EXT 2009"]
[Source "ChessBase"]
[SourceDate "2008.11.26"]
[SourceVersion "1"]
[SourceVersionDate "2008.11.26"]
[SourceQuality "1"]

1. e3 e5 2. c4 Nf6 3. Nc3 Bb4 4. a3 Bxc3 5. bxc3 0-0 6. d4 d6 7. Nf3 Nbd7 8. a4 c5 9. Be2 Qe7 10. 0-0 Ne4 11. Qc2 f5 12. Nd2 Nxd2 13. Qxd2 Nf6 14. Ba3 Be6 15. a5 Rac8 16. f3 Rfd8 17. Rfd1 Qc7 18. Kh1 e4 19. f4 cxd4 20. Qxd4 Bxc4 21. Bxc4+ Qxc4 22. Qxa7 Ng4 23. Re1 Ne5 24. Kg1 Nd3 25. Rf1 Ra8 26. Qxb7 Rxa5 27. Bb4 Rxa1 28. Rxa1 Nxb4 29. Qxb4 Qxb4 30. cxb4 Rb8 31. Rb1 Kf7 32. Kf2 Ke6 33. Ke2 Ra8 34. Rb2 Kd5 35. Rc2 Ra7 36. g4 fxg4 37. Kf2 Rb7 38. Kg3 Rxb4 39. Kxg4 Rb3 40. Rc7 Rxe3 41. Rxg7 Re1 42. Rxh7 Rg1+ 43. Kf5 e3 44. Re7 Kd4 45. h4 Kd3 46. Rd7 e2 47. Rxd6+ Kc3 48. Re6 Kd3 49. Rd6+ Ke3 50. Re6+ Kf3 51. h5 e1Q 52. Rxe1 Rxe1 53. h6 Rh1 54. Kg5 1/2-1/2

[Event "Polva op 29th"]
[Site "Polva"]
[Date "2008.08.15"]
[Round "2"]
[White "Nassar, Askold"]
[Black "Kool, Lauri"]
[Result "1/2-1/2"]
[WhiteElo "1961"]
[BlackElo "2091"]
[PlyCount "21"]
[EventDate "2008.08.15"]
[EventType "swiss"]
[EventRounds "7"]
[EventCountry "EST"]
[SourceTitle "EXT 2009"]
[Source "ChessBase"]
[SourceDate "2008.11.26"]
[SourceVersion "1"]
[SourceVersionDate "2008.11.26"]
[SourceQuality "1"]

1. d4 Nf6 2. c4 e6 3. Nc3 d5 4. Nf3 Bb4 5. Bg5 h6 6. Bxf6 Qxf6 7. cxd5 exd5 8. Qb3 Bxc3+ 9. bxc3 c6 10. Ne5 0-0 11. e3 1/2-1/2

[Event "Saaremaa Cup"]
[Site "Saaremaa"]
[Date "2001.??.??"]
[Round "?"]
[White "Kilumets, Rain"]
[Black "Kool, Lauri"]
[Result "0-1"]
[WhiteElo "2050"]
[BlackElo "1936"]
[PlyCount "96"]
[EventDate "2001.??.??"]
[EventType "swiss"]
[EventRounds "5"]
[EventCountry "EST"]
[SourceTitle "EXT 2018"]
[Source "ChessBase"]
[SourceDate "2017.10.13"]
[SourceVersion "1"]
[SourceVersionDate "2017.10.13"]
[SourceQuality "1"]

1. d4 e6 2. g3 Nf6 3. Bg2 d5 4. Nf3 b6 5. c4 Bb7 6. cxd5 Nxd5 7. 0-0 Be7 8. Nbd2 0-0 9. Ne5 Nd7 10. Ndf3 Nxe5 11. Nxe5 c5 12. h4 Qc7 13. Bxd5 Bxd5 14. Bf4 Qb7 15. h5 cxd4 16. h6 g5 17. Bd2 f6 18. Nd3 e5 19. f3 Kh8 20. Bb4 Bxb4 21. Nxb4 Be6 22. Qd3 a5 23. Nc2 Rg8 24. Kf2 Qd7 25. Na3 g4 26. Nc4 Bxc4 27. Qxc4 gxf3 28. exf3 Qh3 29. Rg1 Qxh6 30. Rae1 Rac8 31. Qd3 Qg6 32. Qxg6 hxg6 33. Rc1 Kg7 34. Ke2 Rh8 35. Rxc8 Rxc8 36. Kd3 f5 37. f4 exf4 38. gxf4 Re8 39. Rc1 Re3+ 40. Kxd4 Re4+ 41. Kd5 Rxf4 42. Rc7+ Kh6 43. Ke6 Kg5 44. Rb7 Re4+ 45. Kd5 Rb4 46. b3 Kg4 47. Rc7 f4 48. Rc3 f3 0-1

[Event "Saaremaa Cup"]
[Site "Saaremaa"]
[Date "2001.??.??"]
[Round "?"]
[White "Mueuetnik, Valdo"]
[Black "Kool, Lauri"]
[Result "1-0"]
[WhiteElo "2219"]
[BlackElo "1936"]
[PlyCount "77"]
[EventDate "2001.??.??"]
[EventType "swiss"]
[EventRounds "5"]
[EventCountry "EST"]
[SourceTitle "EXT 2018"]
[Source "ChessBase"]
[SourceDate "2017.10.13"]
[SourceVersion "1"]
[SourceVersionDate "2017.10.13"]
[SourceQuality "1"]

1. d4 e6 2. c4 Nf6 3. Nc3 Bb4 4. e3 d5 5. Bd3 Nbd7 6. Nf3 Bxc3+ 7. bxc3 c5 8. 0-0 0-0 9. Bb2 dxc4 10. Bxc4 Qc7 11. Be2 b6 12. c4 Bb7 13. Qb3 Ng4 14. d5 exd5 15. cxd5 Ndf6 16. Rad1 Rad8 17. Bc4 b5 18. Qxb5 Nxd5 19. h3 Nb4 20. hxg4 Ba6 21. Be5 Bxb5 22. Bxc7 Rxd1 23. Rxd1 Bxc4 24. Rc1 Bxa2 25. Rxc5 Na6 26. Ra5 Bc4 27. Be5 f6 28. Bd4 Ra8 29. g5 fxg5 30. Rxg5 g6 31. Ra5 Nb4 32. Ne5 Be6 33. Bxa7 Kg7 34. Nd3 Nc6 35. Bd4+ Nxd4 36. Rxa8 Ne2+ 37. Kh2 Bf5 38. Ne5 Nc3 39. f4 1-0